| 000 | 00337nam a2200133Ia 4500 | ||
|---|---|---|---|
| 008 | 191201s2007 xx 000 0 und d | ||
| 082 |
_a658.562 _bTUQ- |
||
| 100 | _aTULSIAN, P.C. | ||
| 245 | 0 | _aQuantitative Techniques Theory and Problems | |
| 260 |
_aN.Delhi _bPearson Education _c2007 |
||
| 300 | _a- | ||
| 650 | _aMBA | ||
| 942 |
_2ddc _cBK |
||
| 999 |
_c2987 _d2987 |
||